Книга на безпокойството (Запис номер 491343)
[ съкратено ]
| 000 -Лидер | |
|---|---|
| Контролно поле с фиксирана дължина | nam a22 a 4500 |
| 003 - Код на организацията, давaща контролен номер | |
| Контролно поле | BLK |
| 005 - Дата и час на последна редакция | |
| Контролно поле | 20230510141049.0 |
| 008 - Елементи от данни с фиксирана дължина | |
| fixed length control field | 230510b bu |||||||||| 00| | bu d |
| 020 ## - Международен стандартен номер на книга ISBN | |
| Международен стандартен номер на книга ISBN | 9786197625936 |
| 040 ## - Източник на каталожния запис | |
| Идентификатор на билиотеката - собственик на записа | BLK |
| 041 ## - Код за език | |
| Код за езика на текст/звукозапис или на отделно заглавие | Български |
| Код за езика КДБФ | Български |
| 080 ## - УДК | |
| Текстов определител УДК | Португалска литература |
| УДК код - определител по УДК | 821.134.3 |
| УДК определител | -3 |
| УДК - код + определител | 821.134.3-3 |
| 100 ## - Редна дума - Автор | |
| R(LIN) | 256099 |
| Автор | Песоа, Фернанду |
| Авторска отговорност | първи автор |
| 139 ## - Редно поле | |
| Редна дума | Песоа, Фернанду |
| 245 ## - Сведения за заглавието | |
| Заглавие | Книга на безпокойството |
| Редно поле (дума) | Фернандо Песоа ; прев. от португ., уводни думи Даринка Кирчева ; ил. Капка Кънева ; послесл. Румен Стоянов |
| 250 ## - Област на изданието | |
| Сведения за изданието | [3.] прераб. изд. |
| 260 ## - Област на издателските данни | |
| 9 (RLIN) | 209932 |
| Място на издаване, разпространение и проч. | София |
| Име на издателя, разпространителя и проч. | Кръг |
| Година на издаване | 2022 |
| Печатница | ([Костинброд] : Мултипринт ООД) |
| Издателство - префикс ISBN | 954-9832- |
| 300 ## - Физическа характеристика | |
| Страници | 324 с. |
| Илюстрации и др. | с портр. |
| Размери/Мащаб | 21 см |
| 380 ## - Жанр | |
| Жанр | Худож. лит. |
| 500 ## - Общи забележки | |
| Забележка | Ориг. загл., установено от доп. източник: Livro do desassossego / Fernando Pessoa<br/>Загл. и на англ. ез.: The book of disquiet<br/>Възприетата форма на авт. Фернандо Песоа е Фернанду Песоа<br/>1. изд. 1997 на ИК Кибеа, в сер. Познай себе си |
| 700 ## - Други автори (авторска отговорност) | |
| 9 (RLIN) | 1116 |
| Лично име | Кирчева, Даринка Костадинова |
| Автороска отговорност (Описва отношението между автора и произведението) | прев. от португ. |
| 700 ## - Други автори (авторска отговорност) | |
| 9 (RLIN) | 599 |
| Лично име | Кънева, Капка Николаева |
| Автороска отговорност (Описва отношението между автора и произведението) | ил. |
| 700 ## - Други автори (авторска отговорност) | |
| 9 (RLIN) | 958 |
| Лично име | Стоянов, Румен Бориславов |
| Автороска отговорност (Описва отношението между автора и произведението) | послесл. |
| 852 ## - Местоположение | |
| Форматна сигнатура | Цб 317753 |
| Фондова буква | Хранилище |
| 856 ## - Електронен адрес и достъп | |
| Инструкция (цена за достъп) | 0.00 |
| Права за достъп | disable |
| 999 ## - СИСТЕМНИ КОНТРОЛНИ НОМЕРА | |
| Koha biblionumber | 491343 |
| Koha biblioitemnumber | 491343 |
| 942 ## - АРТИКУЛИ | |
| Вид на библиотечния материал | Книги |
| Скрит в OPAC | Не |
| Периодичен библиозапис | Да |
| 944 ## - СЪЗДАВАНЕ И РЕДАКЦИЯ на ЗАПИСА | |
| Създаване/Редакция | Създаване |
| Дата на регистрацията/редакция | 2023-05-10 |
| Служител, извършил регистрацията/редакцията | ВП |
| Код за отписване | Код за изгубен артикул | Източник на класификационната схема | Код за повреда | Коз за рестрикции | Код за отдаване | Артикулен № | Име на библиотеката - собственик | Име на библиотеката, в която се намира в момента | Статус (Текущо местоположение) | Дата на вписване в системата | Местоположение - отдел | Цена в лева | Инвентарен номер | Систематично азбучна сигнатура | Баркод | Цена в евро | Служебен тип на артикула |
|---|---|---|---|---|---|---|---|---|---|---|---|---|---|---|---|---|---|
| Не е изгубен | Universal Decimal Classification | Не е повреден | само за читалня | ползва се в читалня | 928308 | Регионална библиотека "Любен Каравелов" Русе | Регионална библиотека "Любен Каравелов" Русе | Хранилище | 2023-05-11 | Хранилище | 28.00 | 120000887507 | Цб 317753 | 120000887507 | 14.32 | Книги |